000 00731nam a2200253 i 4500
001 bg
100 1 _aKUŹNIAK, Brygida
245 1 0 _aTraktat Amsterdamski :
_bkomentarz.T. /
_cBrygida Kuźniak, Agata Capik
_n2.
250 _aStan prawny 1 styczeń 2001.
260 _aWarszawa :
_bC. H. Beck,
_c2001.
300 _aIX, 311 s. ;
_c20 cm.
490 1 _aKrótkie Komentarze Becka
500 _aTeksty pol., niem.
650 9 _aTraktat Amsterdamski (1997 r.)
700 1 _aCAPIK, Agata
830 _aKrótkie Komentarze Becka
020 _a8371107498 (t. 2)
040 _cBPK
041 0 _aplde
080 _a341.24(4-67)
920 _a83-7110-749-8 (t. 2)
942 _cKS
008 s pl f |000 0 pol
999 _c40026
_d40026
856 _uhttp://koha.tu.koszalin.pl/cgi-bin/koha/opac-detail.pl?biblionumber=40026
_yKatalog online BPK